| 000 | 00827nmc a2200313 a 4500 | ||
|---|---|---|---|
| 003 | AR-BaBNM | ||
| 005 | 20251128210958.0 | ||
| 008 | 072020s2000 ||||||||||||||000 | spa|| | ||
| 020 | _a84-249-2520-3 | ||
| 040 | _cAR-BaBNM | ||
| 100 | 1 | _aVirgilio Marón, Publio | |
| 245 | 1 | 0 |
_aBucólicas _b; Géorgicas |
| 260 |
_aMadrid _bGredos _c2000 |
||
| 300 | 0 | _axxx; 192 p. | |
| 490 | 0 |
_aBiblioteca básica Gredos _vv. 54 |
|
| 650 | 4 | _aMITOLOGIA | |
| 650 | 4 | _aLITERATURA LATINA | |
| 650 | 4 | _aPOESIA | |
| 650 | 4 | _aEGLOGAS | |
| 650 | 4 | _aMITOLOGIA | |
| 653 | 0 | _aPOESIA DIDACTICA | |
| 653 | 0 | _aALEJANDRINISMO | |
| 655 | _aLITERATURA | ||
| 700 | 1 |
_aVidal, José Luis _eprologuista |
|
| 700 | 1 |
_aRecio García, Tomás de la Ascención _etraductor |
|
| 740 | 0 |
_aGéorgicas _aGéorgicas |
|
| 942 | _cBK | ||
| 998 | _cMartín | ||
| 999 |
_c17727 _d17727 |
||